000 00273nam a2200133Ia 4500
100 _aI.C .System
942 _cBK
654 _aCatalogue
245 _aCatalogue of Above Tape
260 _bI.C . Sysrem Publication Co
300 _a3
546 _aENGLISH
999 _c33508
_d33508